El lugar de la ley en la Constitución española
Gardado en:
| Autor Principal: | |
|---|---|
| Formato: | Libro |
| Idioma: | Lingua castelá |
| Publicado: |
Madrid
Centro de Estudios Constitucionales
1980
|
| Series: | Estudios Constitucionales
|
| Subjects: | |
| Tags: |
Engadir etiqueta
Sen Etiquetas, Sexa o primeiro en etiquetar este rexistro!
|
MARC
| LEADER | 00000nam a2200000 a 4500 | ||
|---|---|---|---|
| 001 | UCT9618 | ||
| 003 | CL-VaPUC | ||
| 008 | 970411e19800000SP |||||||||||||||||spa|d | ||
| 082 | 0 | 4 | |a 342.46 |b GAR |2 21 |
| 100 | |a Garrorena Morales, Ángel |e author |9 622425 | ||
| 245 | 1 | 3 | |a El lugar de la ley en la Constitución española |
| 300 | |a 143 p | ||
| 942 | |c BK | ||
| 945 | |d 19970411 00:00:00 |a paguirre | ||
| 260 | |a Madrid |b Centro de Estudios Constitucionales |c 1980 | ||
| 650 | 0 | |a Constituciones |9 255417 | |
| 650 | 0 | |a Derecho constitucional |9 222588 | |
| 650 | 0 | |a Derecho público |9 255910 | |
| 650 | 7 | |a LEY |2 CL-VaPUC |9 382482 | |
| 650 | 0 | |a Poder judicial |9 254871 | |
| 651 | 0 | |a España |9 254926 | |
| 583 | |a last modification |c 19970411 00:00:00 |k Rodrigo Vera | ||
| 490 | 0 | |a Estudios Constitucionales | |
| 999 | |c 258000 |d 257998 | ||
| 952 | |0 0 |1 0 |4 0 |6 342_460000000000000_GAR_1980 |7 0 |8 A |9 281739 |a BIBDER |b BIBDER |d 2019-11-19 |i 182676K |o 342.46 GAR 1980 |p 182676K |r 2023-01-25 |w 2019-11-19 |y BK |k DER | ||